| 000 | 01527nam a2200457 c 4500 | ||
|---|---|---|---|
| 001 | 11617 | ||
| 003 | ES-MaCES | ||
| 005 | 20150929135428.0 | ||
| 008 | 010124s2000 sp t o000 | spa d | ||
| 017 |
_aM 49133-2000 _bDL |
||
| 020 | _a8481881309 | ||
| 035 | _aCES20010000246m | ||
| 040 |
_aES-MaCES _bspa _cES-MaCES |
||
| 100 | 1 |
_aCarrasco Morales, Eva _99076 |
|
| 245 | 1 | 3 |
_aLa cohesión económica y social en la Unión Europea _b: consideración del caso español _cEva Carrasco Morales |
| 250 | _a1ª ed | ||
| 260 |
_aMadrid _bConsejo Económico y Social _c2000 |
||
| 300 |
_a353 p. _c23 cm |
||
| 490 | 1 |
_aColección Estudios _v100 |
|
| 500 | _aAnexo normativo: p. 339-349 | ||
| 504 | _aBibliografía: p. 351-353 | ||
| 541 | _cGratuito | ||
| 650 | 4 |
_acohesión social _930743 |
|
| 650 | 4 |
_aintegración económica _927962 |
|
| 650 | 4 |
_aconvergencia _930771 |
|
| 650 | 4 |
_adesigualdad regional _929372 |
|
| 650 | 4 |
_apolítica comunitaria _930776 |
|
| 650 | 4 |
_apolítica presupuestaria _930829 |
|
| 650 | 4 |
_aFondo de Cohesión _931045 |
|
| 650 | 4 |
_afondos estructurales _930867 |
|
| 650 | 4 |
_acampo de aplicación _930263 |
|
| 650 | 4 |
_aEspaña _926964 |
|
| 650 | 4 |
_abalance _930786 |
|
| 653 | 1 | 0 | _aMercado Único Europeo |
| 650 | 4 |
_926752 _aUE |
|
| 710 | 2 |
_aConsejo Económico y Social (España) _eed. _92408 |
|
| 830 | 0 |
_aColección Estudios (Consejo Económico y Social (España)) _v100 _932341 |
|
| 902 | _aLIB Libro | ||
| 942 |
_2CES _cBK _h1.0. |
||
| 999 |
_c11617 _d11617 |
||